000 02350nam a2200361 i 4500
001 000035654
003 DO-SdBNP
005 20260204100837.0
007 ta
008 111107s2011 dr ac 001 0 spa d
020 _a9789945469486
040 _aDO-SdBNP
_bspa
_cBNPHU
_erda
041 _aspa
049 _aBNPD
082 4 _a972.93
_bL258a
_222
100 1 _aLandolfi Rodríguez, Ciriaco,
_eautor
_4aut.
_961569
245 1 0 _aApuntes para una teoría de la nacionalidad dominicana /
_cCiriaco Landolfi Rodríguez ; edición, Héctor Luis Martínez
264 1 _aSanto Domingo :
_bInstituto Panamericano del Geografía e Historia,
_c2011.
300 _a390 páginas ;
_c23 cm.
336 _atexto
_btxt
_2rdacontent
337 _asin mediación
_bn
_2rdamedia
338 _avolumen
_bnc
_2rdacarrier
500 _aIncluye datos biográficos del autor en la solapa de la cubierta.
505 _aPresentación, Bolívar Troncoso Morales, 11 – Introducción, 13 -- Capítulo I. Placenta histórica auspiciosa de la autenticidad nacional, 19 -- Capítulo II. El primer mestizaje de la gran historia, 53 -- Capítulo III. Realidad colonial y fenomenología social isleña, 95 -- Capítulo IV. Dominicanidad larvaria, 109 -- Capítulo V. El descabezamiento de la sociedad colonial, 133 -- Capítulo VI. Origen y evolución de la identidad nacional dominicana -- Capítulo VII. La ocupación haitiana: factor decisivo en la cohesión nacional definitiva, 179 -- Capítulo VIII. La guerra de la restauración de la soberanía nacional de 1863 a 1865, el hallazgo de la auténtica identidad dominicana, 235 -- Capítulo IX. La guerra de la restauración. La confirmación definitiva de la identidad nacional dominicana, 307 -- Capítulo X. La restauración en el atlas caracterológico de la identidad nacional dominicana, 355
590 _aInventariado, 2026/BT
650 4 _aIdentidad nacional
_zRepública Dominicana
_934479
651 4 _aRepública Dominicana
_xCaracterística nacionales
_xEnsayos, conferencias, etc
_934478
651 4 _aRepública Dominicana
_xHistoria
_xEnsayos, conferencias, etc.
_97095
700 _aMartínez, Héctor Luis,
_eeditor
_4ed.
_99580
710 2 _aInstituto Panamericano del Geografía e Historia.
_bSección Nacional de Dominicana
_961570
910 _aValidado. Control de calidad EMS.
942 _2ddc
_cLBS1
999 _c35145
_d35145